[Event "ARG-ch (Women) 74th"]
[Site "Buenos Aires"]
[Date "2023.11.26"]
[Round "7"]
[White "Campos, Maria Jose"]
[Black "Gaite, Karen Nerina"]
[Result "1-0"]
[WhiteElo "2208"]
[BlackElo "1871"]
[PlyCount "65"]
[EventDate "2023.11.20"]
[EventType "swiss"]
[EventRounds "9"]
[EventCountry "ARG"]
[SourceTitle "CB49_2023"]
[SourceDate "2023.12.06"]
[SourceVersion "1"]
[SourceVersionDate "2023.12.06"]
[SourceQuality "1"]

1. c4 e6 2. g3 d5 3. Nf3 Nf6 4. Bg2 d4 5. 0-0 c5 6. e3 Nc6 7. exd4 cxd4 8. d3 Bd6 9. Na3 0-0 10. Nc2 e5 11. b4 Re8 12. c5 Bc7 13. Bg5 Ne7 14. Bxf6 gxf6 15. Nh4 Ng6 16. Qh5 Nxh4 17. Qxh4 f5 18. Qh5 Qf6 19. Rfe1 Rd8 20. Na3 a6 21. Nc4 Rb8 22. g4 Be6 23. gxf5 Bxf5 24. Qf3 Qg6 25. Nxe5 Bxe5 26. Rxe5 Bxd3 27. h4 h6 28. Kh1 Bc2 29. Rg1 Kf8 30. h5 Qh7 31. Qf6 Rd7 32. Bh3 Rdd8 33. Qe7# 1-0

[Event "Asuncion CIT op"]
[Site "Asuncion"]
[Date "2023.08.13"]
[Round "2"]
[White "Gaite, Karen Nerina"]
[Black "Villegas, Franco"]
[Result "1/2-1/2"]
[WhiteElo "1845"]
[BlackElo "2374"]
[PlyCount "96"]
[EventDate "2023.08.12"]
[EventType "swiss"]
[EventRounds "9"]
[EventCountry "PAR"]
[SourceTitle "CBM 215 Extra"]
[Source "ChessBase"]
[SourceDate "2023.09.30"]
[SourceVersion "1"]
[SourceVersionDate "2023.09.30"]
[SourceQuality "1"]

1. c4 e6 2. Nf3 Nf6 3. Nc3 Bb4 4. Qc2 0-0 5. d4 d5 6. e3 c5 7. cxd5 exd5 8. dxc5 Nc6 9. Nd4 Re8 10. Be2 Qe7 11. Nxc6 bxc6 12. 0-0 Bxc5 13. Na4 Bd6 14. a3 c5 15. Bf3 Qe5 16. g3 Bf5 17. Qc3 d4 18. Qa5 Rac8 19. exd4 cxd4 20. Qa6 Qe6 21. Bd2 Bh3 22. Rfe1 Qf5 23. Bh1 Bb8 24. Rxe8+ Rxe8 25. Qc4 Ng4 26. Qxd4 Be5 27. Qxa7 Rd8 28. Re1 h5 29. Be4 Qf6 30. Bc3 g6 31. f3 Bxc3 32. Nxc3 Ne5 33. Qf2 Nc4 34. Rd1 Rb8 35. Rb1 Kg7 36. Nd5 Qe5 37. Qc2 Qd4+ 38. Qf2 Qxf2+ 39. Kxf2 Nd2 40. Re1 Rxb2 41. Re2 Bf1 42. Rxd2 Rxd2+ 43. Kxf1 f5 44. Ke1 Rd4 45. Nf4 Ra4 46. Bc6 Rxa3 47. Kf2 Ra2+ 48. Ne2 Kf6 1/2-1/2

[Event "ARG-ch sf 98th"]
[Site "Buenos Aires"]
[Date "2023.05.05"]
[Round "7"]
[White "Axarlian, Carlos"]
[Black "Gaite, Karen Nerina"]
[Result "1/2-1/2"]
[WhiteElo "2056"]
[BlackElo "1660"]
[PlyCount "90"]
[EventDate "2023.04.29"]
[EventType "swiss"]
[EventRounds "9"]
[EventCountry "ARG"]
[SourceTitle "CBM 214 Extra"]
[Source "ChessBase"]
[SourceDate "2023.07.31"]
[SourceVersion "1"]
[SourceVersionDate "2023.07.31"]
[SourceQuality "1"]

1. e4 e5 2. Nf3 Nc6 3. Bb5 a6 4. Ba4 Nf6 5. 0-0 b5 6. Bb3 Bc5 7. d3 0-0 8. Nc3 h6 9. Be3 d6 10. h3 Nd4 11. Bxd4 Bxd4 12. Nxd4 exd4 13. Ne2 c5 14. Ng3 Be6 15. Bxe6 fxe6 16. c3 dxc3 17. bxc3 d5 18. e5 Nd7 19. Qg4 Qe7 20. Rae1 Kh7 21. f4 g6 22. c4 bxc4 23. dxc4 d4 24. Ne4 Rab8 25. h4 Rb2 26. Rf3 Rf7 27. Rh3 Rg7 28. Ra3 Rb6 29. Nd6 Rg8 30. Rg3 Rbb8 31. Rd1 h5 32. Qh3 Nf6 33. Rg5 Ng4 34. Rxg4 hxg4 35. Qxg4 Rbd8 36. Ne4 Kh6 37. Rd3 Rdf8 38. Rg3 Rf5 39. Rb3 Qf8 40. g3 Qa8 41. Nd6 Rg7 42. a4 Qc6 43. Rb8 Kh7 44. Nxf5 exf5 45. Qg5 Qe4 1/2-1/2

[Event "ARG-ch U20"]
[Site "Buenos Aires"]
[Date "2023.02.17"]
[Round "1"]
[White "Rezinovsky Nieto, Alexia Samira"]
[Black "Gaite, Karen Nerina"]
[Result "0-1"]
[WhiteElo "1119"]
[BlackElo "1672"]
[PlyCount "54"]
[EventDate "2023.02.17"]
[EventType "swiss"]
[EventRounds "9"]
[EventCountry "ARG"]
[SourceTitle "EXT 2024"]
[Source "ChessBase"]
[SourceDate "2023.10.10"]
[SourceVersion "1"]
[SourceVersionDate "2023.10.10"]
[SourceQuality "1"]

1. d4 d5 2. c4 e6 3. Nc3 Nf6 4. Bg5 Be7 5. Nf3 h6 6. Bh4 0-0 7. e3 Ne4 8. Bxe7 Qxe7 9. cxd5 Nxc3 10. bxc3 exd5 11. Bd3 c5 12. 0-0 c4 13. Bc2 Nc6 14. Qe2 f5 15. Rfe1 b5 16. Rab1 Rb8 17. Qd2 a5 18. Ne5 Nxe5 19. dxe5 Qxe5 20. Qd4 Re8 21. Red1 Qxd4 22. exd4 Re2 23. Ba4 b4 24. Bc6 Be6 25. Re1 Rxe1+ 26. Rxe1 bxc3 27. Ba4 Rb2 0-1

[Event "ARG-ch sf 97th"]
[Site "Buenos Aires"]
[Date "2022.09.11"]
[Round "5"]
[White "Ravier, Osvaldo"]
[Black "Gaite, Karen Nerina"]
[Result "0-1"]
[WhiteElo "1895"]
[BlackElo "1578"]
[PlyCount "56"]
[EventDate "2022.09.08"]
[EventType "swiss"]
[EventRounds "9"]
[EventCountry "ARG"]
[SourceTitle "CBM 210 Extra"]
[Source "ChessBase"]
[SourceDate "2022.11.30"]
[SourceVersion "1"]
[SourceVersionDate "2022.11.30"]
[SourceQuality "1"]

1. e4 e5 2. Nf3 Nc6 3. Bc4 Bc5 4. 0-0 d6 5. h3 Nf6 6. Re1 0-0 7. c3 Be6 8. Bb3 Bb6 9. d4 exd4 10. cxd4 Bxb3 11. axb3 d5 12. e5 Ne4 13. Nc3 f5 14. Na4 Ba5 15. Re2 b6 16. g3 g5 17. Ne1 h5 18. Ng2 Qe7 19. Kh2 Qb4 20. f3 Nxg3 21. Kxg3 f4+ 22. Kh2 Nxd4 23. Rf2 Nxb3 24. Ra3 Nxc1 25. Qxc1 c5 26. Qc2 Kg7 27. Qc3 Qb5 28. e6+ Bxc3 0-1